Guess KotLC characters by nicknames! - Statistics

General Stats
  • This quiz has been taken 1,161 times
  • The average score is 12 of 13
Answer Stats
Hint Answer % Correct
Mysterious Miss F. Sophie Foster
99%
Golden Boy🪄 Fitz Vacker
95%
Bangs Boy Tam Song
95%
Glitter Girl👗 Biana Vacker
94%
Lord Hunkyhair👱🏻 Keefe Sencen
93%
Girl of Many Floods Linh Song
93%
The Forklenator Mr. Forkle
93%
Gigantor🗡 Sandor
93%
Dimples🧑‍💻 Dex Dizznee
92%
Glitterbutt📣💭 Silveny
90%
Mommy Dearest Lady Gisela
86%
Ora (😭) Councillor Oralie
80%
Principal Pillowhead Magnate Leto
72%
No matching quizzes found
Score Distribution
Percent of People with Each Score
Percentile by Number Answered
Your Score History
You have not taken this quiz